000 01349cam a2200313 4500
001 ABS63501
008 000000n2001 000 0 eng u
035 _a(Sirsi) u110809
100 _aDelargy, M.
245 _aAt boiling point
260 _c2001
490 _aBuilding
_v266(8166) 26 January 2001, 24-27(4)
520 _aA special feature looking at the skills shortage in the construction industry. Discusses the implications of rising tender prices and day rates for housebuilders, moves being made by the Construction Industry Training Board and construction companies to attract people in to the sector, and the work of organisations like Women's Education in Building, Women and Manual Trades and Change the Face of Construction to overcome the prejudices that have traditionally excluded women from the building trades.
590 _aABS
650 _aBUILDING WORK FOR WOMEN
650 _aCHANGE THE FACE OF CONSTRUCTION
650 _aCONSTRUCTION INDUSTRY
650 _aCONSTRUCTION INDUSTRY TRAINING BOARD
650 _aCOSTS
650 _aDAYWORK RATES
650 _aHOUSING
650 _aSKILLS SHORTAGE
650 _aTENDER PRICES
650 _aCAREERS, EDUCATION AND TRAINING
650 _aWOMEN AND MANUAL TRADES
650 _aWOMEN'S EDUCATION IN BUILDING
690 _aBUILT ENVIRONMENT
942 _n0
999 _c66059
_d66059